[Event "Sevilla Expo92"]
[Site "Seville ESP"]
[Date "1992.??.??"]
[Round "6"]
[White "Franco Ocampos, Zenon"]
[Black "Rivas Pastor, Manuel"]
[Result "1/2-1/2"]
[WhiteElo "2520"]
[BlackElo "2505"]
[PlyCount "28"]
[EventDate "1992.11.??"]
[Source "www.chesslib.no"]
[SourceDate "2004.05.04"]

1. e4 e5 2. Nf3 Nc6 3. Bb5 Nf6 4. Qe2 a6 5. Ba4 d6 6. c3 Bd7 7. O-O Be7 8. d4 O-O 9. d5 Nb8 10. Bxd7 Nbxd7 11. c4 Ne8 12. Nc3 g6 13. Bh6 Ng7 14. Ne1 Bg5 1/2-1/2

[Event "Banja Luka"]
[Site "Banja Luka BIH"]
[Date "1979.04.16"]
[Round "6"]
[White "Marjanovic, Slavoljub"]
[Black "Knezevic, Milorad"]
[Result "1/2-1/2"]
[WhiteElo "2505"]
[BlackElo "2500"]
[PlyCount "157"]
[EventDate "1979.04.??"]
[Source "www.chesslib.no"]
[SourceDate "2004.05.04"]

1. e4 e5 2. Nf3 Nc6 3. Bb5 a6 4. Ba4 d6 5. O-O Nf6 6. Qe2 Be7 7. c3 O-O 8. h3 Bd7 9. Bb3 h6 10. Rd1 Re8 11. d3 Bf8 12. Nbd2 Nh5 13. Nc4 b5 14. Ne3 Nf4 15. Qf1 Na5 16. Bc2 Qf6 17. Nh2 Qg6 18. Kh1 c5 19. d4 cxd4 20. cxd4 b4 21. Nf5 Bb5 22. Qg1 Rac8 23. Bb1 Be2 24. Bxf4 Bxd1 25. Qxd1 exf4 26. Bd3 Nc4 27. Qe2 d5 28. e5 Qb6 29. b3 Nd6 30. Qg4 Nxf5 31. Qxf5 g6 32. Qxf4 Rc3 33. Rd1 Bg7 34. Ng4 h5 35. Ne3 Qc6 36. Kh2 Rc1 37. Rxc1 Qxc1 38. Bxa6 Qc6 39. Be2 f6 40. Nxd5 fxe5 41. Qe4 Kh8 42. Bd3 Rd8 43. Ne7 Qxe4 44. Bxe4 Rxd4 45. Bxg6 h4 46. Nf5 Rf4 47. f3 e4 48. fxe4 Be5 49. Kg1 Bb8 50. Bh5 Ba7+ 51. Kh2 Bb8 52. Kg1 Ba7+ 53. Kh2 Rxe4 54. g4 Re2+ 55. Kh1 Bb8 56. Nxh4 Rh2+ 57. Kg1 Rxh3 58. Nf5 Rh2 59. Bf7 Rxa2 60. Kf1 Bf4 61. Bc4 Kh7 62. Bf7 Ra7 63. Be8 Ra2 64. Bf7 Rc2 65. Nd4 Rb2 66. Nf5 Rh2 67. Kg1 Rc2 68. Kf1 Rc7 69. Be8 Kg8 70. Ke2 Rc3 71. Ne7+ Kf8 72. Ng6+ Kxe8 73. Nxf4 Rxb3 74. Nd5 Rb2+ 75. Kd3 Kd7 76. Kc4 b3 77. Kc3 Rb1 78. Nb6+ Kc6 79. Nc4 1/2-1/2

[Event "Prague Chip"]
[Site "Prague"]
[Date "1992.??.??"]
[Round "8"]
[White "Vokac, Marek"]
[Black "Smagin, Sergey"]
[Result "1/2-1/2"]
[WhiteElo "2450"]
[BlackElo "2550"]
[PlyCount "134"]
[EventDate "1992.01.??"]
[Source "ChessBase"]

1. e4 e5 2. Nf3 Nc6 3. Bb5 a6 4. Ba4 Nf6 5. O-O Be7 6. Qe2 d6 7. c3 Bd7 8. Bb3 O-O 9. d4 Bg4 10. Rd1 Qc8 11. h3 Bh5 12. d5 Nb8 13. Nbd2 c6 14. Nc4 Nbd7 15. Bg5 cxd5 16. Bxf6 Bxf3 17. Qxf3 dxe4 18. Qe2 Nxf6 19. Nb6 Qc6 20. Nxa8 Rxa8 21. Qc4 Qxc4 22. Bxc4 Rd8 23. Bd5 Nxd5 24. Rxd5 f5 25. c4 Rc8 26. c5 dxc5 27. Rad1 b5 28. Rd7 Bg5 29. Kf1 c4 30. Rb7 c3 31. bxc3 Rxc3 32. g4 h6 33. Rdd7 Bf6 34. gxf5 Rxh3 35. Rb8+ Kh7 36. Rb6 Kg8 37. Rxa6 Rf3 38. Ke2 Rxf5 39. Rb7 Bh4 40. Rg6 Bf6 41. Rxb5 h5 42. a4 h4 43. Rb3 Rf4 44. Re3 h3 45. Rxh3 Kf7 46. Rhg3 e3 47. R6g4 Rxf2+ 48. Kxe3 Ra2 49. Rc4 Ra3+ 50. Kf2 Ra1 51. Kf3 Re1 52. Rg2 Ke6 53. Ra2 Kd5 54. Kf2 Rh1 55. Kg2 Kxc4 56. Kxh1 e4 57. a5 Bd4 58. a6 Ba7 59. Rb2 e3 60. Kg2 Kc3 61. Rb1 Kc2 62. Ra1 g5 63. Kf3 Kd2 64. Ra2+ Kd1 65. Ke4 g4 66. Kd3 Ke1 67. Rg2 Kf1 1/2-1/2

[Event "Minsk"]
[Site "Minsk"]
[Date "1982.??.??"]
[Round "?"]
[White "Marjanovic, Slavoljub"]
[Black "Rivas Pastor, Manuel"]
[Result "0-1"]
[WhiteElo "2515"]
[BlackElo "2470"]
[PlyCount "176"]
[EventDate "1982.05.??"]
[Source "ChessBase"]

1. e4 e5 2. Nf3 Nc6 3. Bb5 a6 4. Ba4 Nf6 5. O-O Be7 6. Qe2 O-O 7. c3 d6 8. h3 Bd7 9. Bc2 Re8 10. d4 exd4 11. cxd4 Nb4 12. Nc3 Nxc2 13. Qxc2 Bc6 14. d5 Bd7 15. Re1 Bf8 16. a4 g6 17. a5 Bg7 18. Ra3 Re7 19. Be3 c6 20. Bf4 Be8 21. Rd1 cxd5 22. exd5 Rc8 23. Qd3 h6 24. Nd2 Qc7 25. Nde4 Nxe4 26. Nxe4 Bb5 27. Qb1 Rd8 28. Rc1 Qb8 29. Qc2 Ree8 30. Re3 g5 31. Bh2 f5 32. Nxd6 Rxd6 33. Rxe8+ Bxe8 34. Qxf5 Rf6 35. Qxf6 Qxh2+ 36. Kxh2 Bxf6 37. Rc8 Kf8 38. g3 Be5 39. b4 Ke7 40. Kg1 Bd6 41. Rc4 Bd7 42. h4 Kf6 43. hxg5+ hxg5 44. f4 gxf4 45. gxf4 Kf5 46. Kf2 Bxf4 47. Kf3 Bd2 48. Rc7 Bb5 49. Rxb7 Bxb4 50. Rh7 Ke5 51. Rh5+ Kd6 52. Ke4 Bxa5 53. Kd4 Bb6+ 54. Kc3 Be3 55. Rh3 Bf2 56. Rh2 Bg3 57. Rh3 Be1+ 58. Kd4 Bf2+ 59. Kc3 Kxd5 60. Rh5+ Kc6 61. Rf5 Be1+ 62. Kb3 a5 63. Rf4 Kc5 64. Re4 Bd2 65. Re5+ Kc6 66. Re4 Kd5 67. Rh4 Bd7 68. Rh7 Bg4 69. Rh8 Kc5 70. Rd8 Bb4 71. Ka4 Bf5 72. Kb3 a4+ 73. Kb2 a3+ 74. Ka1 Be6 75. Rd3 Kc4 76. Re3 Bd5 77. Rh3 Bf8 78. Kb1 Kb5 79. Rh2 Bg7 80. Rd2 Kc5 81. Rc2+ Bc4 82. Rg2 Be5 83. Rd2 Kc6 84. Rc2 Kd5 85. Rg2 Ke4 86. Rf2 Ke3 87. Rg2 Kf3 88. Rd2 Kg3 0-1

[Event "JUG-chT2"]
[Site "JUG"]
[Date "1994.??.??"]
[Round "9"]
[White "Tringov, Georgi P"]
[Black "Smagin, Sergey B"]
[Result "1/2-1/2"]
[WhiteElo "2435"]
[BlackElo "2545"]
[PlyCount "48"]
[EventDate "1994.??.??"]
[Source "www.chesslib.no"]
[SourceDate "2004.05.04"]

1. e4 e5 2. Nf3 Nc6 3. Bb5 a6 4. Ba4 Nf6 5. O-O Be7 6. Qe2 d6 7. c3 O-O 8. d4 Bd7 9. dxe5 Nxe5 10. Bxd7 Nexd7 11. Qc2 Re8 12. Bf4 Nc5 13. Nbd2 Ne6 14. Bg3 Nh5 15. Rad1 Nxg3 16. hxg3 b5 17. Rfe1 Bf8 18. Nf1 Nc5 19. c4 Qb8 20. b3 c6 21. b4 Ne6 22. Ne3 a5 23. cxb5 Qxb5 24. bxa5 Rxa5 1/2-1/2

[Event "RUS-ch KO"]
[Site "Moscow"]
[Date "1999.12.15"]
[Round "1.1"]
[White "Cherniaev, Alexander"]
[Black "Balashov, Yuri S"]
[Result "0-1"]
[WhiteElo "2432"]
[BlackElo "2534"]
[PlyCount "80"]
[EventDate "1999.12.04"]
[Source "ChessBase"]
[SourceDate "2000.04.05"]

1. e4 e5 2. Nf3 Nc6 3. Bb5 a6 4. Ba4 Nf6 5. O-O Be7 6. Qe2 d6 7. c3 O-O 8. h3 Bd7 9. Bb3 h6 10. Rd1 Re8 11. d4 Bf8 12. d5 Nb8 13. c4 a5 14. Nc3 Na6 15. Ba4 c6 16. Be3 Qc7 17. Nd2 Be7 18. Rac1 Red8 19. Nb3 Be8 20. a3 Nd7 21. Qg4 Kh8 22. Nd2 Nac5 23. Bc2 a4 24. Rf1 Nf6 25. Qe2 cxd5 26. exd5 Nh7 27. f4 exf4 28. Bxf4 Bf6 29. Nde4 Nxe4 30. Qxe4 Nf8 31. Kh1 Rac8 32. Bd3 Qb6 33. Be3 Qxb2 34. Rxf6 gxf6 35. Qf5 Kg7 36. Bf4 Ng6 37. Be3 Bd7 38. Qh5 Rh8 39. Rc2 Qa1+ 40. Rc1 Qxa3 0-1

[Event "Alma-Ata"]
[Site "Alma Ata KAZ"]
[Date "1995.??.??"]
[Round "11"]
[White "Varavin, Viktor"]
[Black "Kayumov, Dmitry D"]
[Result "1-0"]
[WhiteElo "2520"]
[BlackElo "2435"]
[PlyCount "101"]
[EventDate "1995.??.??"]
[Source "www.chesslib.no"]
[SourceDate "2004.05.04"]

1. e4 e5 2. Nf3 Nc6 3. Bb5 a6 4. Ba4 Nf6 5. Qe2 Be7 6. c3 b5 7. Bb3 d6 8. O-O O-O 9. Rd1 Na5 10. Bc2 c5 11. d4 Qc7 12. d5 Bd7 13. b3 Rfb8 14. h3 Nb7 15. Be3 Nd8 16. Nbd2 Ne8 17. Kh2 g6 18. Rdc1 Ng7 19. a4 f6 20. b4 Nf7 21. c4 cxb4 22. axb5 axb5 23. Rxa8 Rxa8 24. cxb5 f5 25. exf5 gxf5 26. b6 Qb8 27. g3 Bf6 28. Qc4 e4 29. Nd4 Qxb6 30. Nxf5 Qb7 31. Nxe4 Be5 32. Ne7+ Kf8 33. Nc6 Rc8 34. Ng5 Nxg5 35. Bxg5 Bxc6 36. dxc6 Qxc6 37. Qh4 Qf3 38. Be7+ Ke8 39. Ba4+ Kf7 40. Bb3+ Ne6 41. Qxh7+ Bg7 42. Bxe6+ Kxe6 43. Qg6+ Kxe7 44. Qxg7+ Ke6 45. Re1+ Kd5 46. Qb7+ Rc6 47. Kg1 Qc3 48. Qb5+ Rc5 49. Rd1+ Ke6 50. Qe8+ Kf5 51. Qf7+ 1-0

[Event "Women-Veterans"]
[Site "Vienna AUT"]
[Date "1993.??.??"]
[Round "?"]
[White "Arakhamia-Grant, Ketevan"]
[Black "Ivkov, Borislav"]
[Result "0-1"]
[WhiteElo "2440"]
[BlackElo "2505"]
[PlyCount "110"]
[EventDate "1993.06.??"]
[Source "www.chesslib.no"]
[SourceDate "2004.05.04"]

1. e4 e5 2. Nf3 Nc6 3. Bb5 a6 4. Ba4 Nf6 5. O-O Be7 6. Qe2 d6 7. c3 Bd7 8. d4 O-O 9. d5 Na7 10. Bxd7 Qxd7 11. c4 c6 12. Nc3 cxd5 13. cxd5 Nb5 14. Nxb5 Qxb5 15. Qxb5 axb5 16. Bg5 Ra4 17. Rfc1 h6 18. Bxf6 Bxf6 19. Rc7 Rxe4 20. Rxb7 Re2 21. Rd1 Rc8 22. Ne1 Rxb2 23. a4 b4 24. Nd3 Rb3 25. f3 Rcc3 26. Rb8+ Kh7 27. Nxb4 Rc4 28. Nc6 Rxb8 29. Nxb8 Rxa4 30. Kf2 Ra2+ 31. Kg3 h5 32. Nc6 Bg5 33. h4 Be3 34. Kh3 Rb2 35. Rd3 Bf2 36. Rd1 f5 37. Ne7 f4 38. Nf5 Bc5 39. g3 g6 40. Ne7 Rb3 41. Rf1 Kg7 42. gxf4 exf4 43. Nc6 Kf6 44. Nd8 Rd3 45. Ne6 Be3 46. Nc7 Rd2 47. Ne8+ Ke5 48. Nc7 Rc2 49. Ne6 Rd2 50. Nc7 Bf2 51. Ne6 Bg3 52. Rh1 Rxd5 53. Ng5 Rd3 54. Ra1 Rd2 55. Rh1 d5 0-1

[Event "Lone Pine"]
[Site "Lone Pine"]
[Date "1980.??.??"]
[Round "9"]
[White "Bisguier, Arthur Bernard"]
[Black "Biyiasas, Peter"]
[Result "1/2-1/2"]
[WhiteElo "2455"]
[BlackElo "2485"]
[PlyCount "57"]
[EventDate "1980.03.??"]
[Source "ChessBase"]

1. e4 e5 2. Nf3 Nc6 3. Bb5 a6 4. Ba4 Nf6 5. Qe2 Be7 6. c3 d6 7. d4 Bd7 8. O-O O-O 9. Bc2 Bg4 10. Rd1 Nd7 11. h3 Bxf3 12. Qxf3 Bg5 13. Na3 Bxc1 14. Raxc1 Qg5 15. dxe5 Ncxe5 16. Qe2 Nf6 17. Nc4 Ng6 18. Qe3 Nf4 19. Qf3 Ng6 20. g3 Rae8 21. Ne3 Nh4 22. Qh1 h5 23. Re1 Ng6 24. h4 Qb5 25. Rb1 Ne5 26. Qg2 Nd3 27. Red1 Nc5 28. f3 a5 29. Qd2 1/2-1/2

[Event "Bunratty op"]
[Site "Bunratty"]
[Date "2001.02.18"]
[Round "6"]
[White "Parker, Jonathan"]
[Black "Ferguson, Mark"]
[Result "1/2-1/2"]
[WhiteElo "2545"]
[BlackElo "2374"]
[PlyCount "60"]
[EventDate "2001.02.19"]
[Source "ChessBase"]
[SourceDate "2001.03.08"]

1. e4 e5 2. Nf3 Nc6 3. Bb5 a6 4. Ba4 Nf6 5. Qe2 Be7 6. c3 b5 7. Bb3 d6 8. O-O O-O 9. d4 Bg4 10. Rd1 exd4 11. cxd4 d5 12. exd5 Na5 13. Bc2 Re8 14. h3 Bf8 15. Be3 Bh5 16. g4 Bg6 17. Bxg6 hxg6 18. Ne5 Qxd5 19. Nc3 Qb7 20. g5 Ne4 21. Qf3 Nd6 22. Qxb7 Ndxb7 23. Nd5 Rac8 24. Rac1 c5 25. Nb6 Rcd8 26. Ned7 Nc4 27. Nxc4 Rxd7 28. Nb6 Rd6 29. dxc5 Rxd1+ 30. Rxd1 Bxc5 1/2-1/2

[Event "Bobby Fischer Memorial Rapid"]
[Site "Reykjavik ISL"]
[Date "2008.03.10"]
[Round "1"]
[White "Olafsson, F."]
[Black "Hort, V."]
[Result "1/2-1/2"]
[WhiteElo "2440"]
[BlackElo "2477"]
[PlyCount "24"]
[EventDate "2008.03.10"]
[Source "www.chesslib.no"]
[SourceDate "2004.05.04"]

1. e4 e5 2. Nf3 Nc6 3. Bb5 a6 4. Ba4 Nf6 5. O-O Be7 6. Qe2 d6 7. c3 O-O 8. Rd1 b5 9. Bc2 Bb7 10. a4 d5 11. d3 Re8 12. Nbd2 Bc5 1/2-1/2

[Event "Mesa Open"]
[Site "Mesa"]
[Date "1992.??.??"]
[Round "?"]
[White "Strikovic, Aleksa"]
[Black "Garcia Padron, Jose"]
[Result "1-0"]
[WhiteElo "2480"]
[BlackElo "2435"]
[PlyCount "114"]
[EventDate "1992.??.??"]
[Source "www.chesslib.no"]
[SourceDate "2004.05.04"]

1. e4 e5 2. Nf3 Nc6 3. Bb5 a6 4. Ba4 Nf6 5. Qe2 d6 6. O-O Bd7 7. c3 Be7 8. d4 O-O 9. dxe5 Nxe5 10. Bxd7 Nxf3+ 11. Qxf3 Qxd7 12. Bf4 Rfe8 13. Nd2 Qc6 14. Rfe1 Bf8 15. Bg5 Re6 16. Qd3 Rae8 17. Bxf6 Rxf6 18. Re2 Rfe6 19. Rae1 Qa4 20. a3 g6 21. Nf3 Bg7 22. h4 Qa5 23. g3 R6e7 24. Kg2 Qh5 25. c4 b5 26. e5 bxc4 27. Qxc4 dxe5 28. g4 Qh6 29. g5 Qh5 30. Re4 Re6 31. Rd1 f5 32. gxf6 Bxf6 33. Rd7 Qf5 34. Rxc7 Kh8 35. Rf7 h6 36. b4 R6e7 37. Rxe7 Rxe7 38. Qd5 Rd7 39. Qc6 Bg7 40. h5 gxh5 41. Nh4 Qg5+ 42. Kh2 Rd2 43. Qc5 Qf6 44. Kg2 Kh7 45. Kf1 Qe6 46. Qe3 Rd1+ 47. Kg2 Qf6 48. Qg3 Qg5 49. Nf3 Qf5 50. Re3 Qb1 51. Qh4 Qg6+ 52. Qg3 Qb1 53. Qh4 Qg6+ 54. Qg3 Qc6 55. Rc3 Qb5 56. Nh2 Qd5+ 57. Kh3 h4 1-0

[Event "Budapest FS08 GM"]
[Site "Budapest"]
[Date "1997.08.08"]
[Round "7"]
[White "Madl, Ildiko"]
[Black "Lukacs, Peter"]
[Result "1/2-1/2"]
[WhiteElo "2375"]
[BlackElo "2520"]
[PlyCount "46"]
[EventDate "1997.08.02"]
[Source "ChessBase"]
[SourceDate "1997.09.26"]

1. e4 e5 2. Nf3 Nc6 3. Bb5 a6 4. Ba4 Nf6 5. O-O Be7 6. Qe2 O-O 7. c3 b5 8. Bb3 d6 9. Rd1 Na5 10. Bc2 c5 11. d4 Qc7 12. h3 Bd7 13. d5 Nc4 14. b3 Nb6 15. a4 Rfe8 16. c4 b4 17. Nh2 g6 18. Qf3 Qd8 19. Be3 h5 20. Nd2 Nh7 21. Qe2 Bg5 22. Nhf3 Bxe3 23. fxe3 Rf8 1/2-1/2

[Event "POL-ch"]
[Site "Sopot"]
[Date "1997.??.??"]
[Round "1"]
[White "Socko, Bartosz"]
[Black "Grabarczyk, Bogdan"]
[Result "1-0"]
[WhiteElo "2435"]
[BlackElo "2460"]
[PlyCount "81"]
[EventDate "1997.03.18"]
[Source "ChessBase"]
[SourceDate "1997.08.01"]

1. e4 e5 2. Nf3 Nc6 3. Bb5 a6 4. Ba4 Nf6 5. Qe2 Be7 6. O-O O-O 7. c3 d6 8. d4 exd4 9. cxd4 Bg4 10. Rd1 d5 11. e5 Ne4 12. h3 Bh5 13. Nc3 Nxc3 14. bxc3 Na5 15. Re1 Kh8 16. Bc2 c5 17. e6 Nc6 18. g4 Bg6 19. Bxg6 fxg6 20. Ne5 Nxe5 21. Qxe5 cxd4 22. cxd4 Rc8 23. Bf4 Qa5 24. Rac1 Rce8 25. Re2 Bf6 26. Qd6 Qb5 27. Rcc2 Be7 28. Qe5 Bf6 29. Qd6 Be7 30. Qc7 Qd3 31. Bd6 Bxd6 32. Qxd6 Qxh3 33. e7 Rg8 34. Qg3 Qxg3+ 35. fxg3 Rb8 36. Rc5 Rge8 37. Rxd5 b5 38. Rc5 Kg8 39. Rc7 Rb6 40. Rd7 Kf7 41. d5 1-0

[Event "JUG-chT"]
[Site "Niksic"]
[Date "1997.??.??"]
[Round "11"]
[White "Pikula, Dejan"]
[Black "Damjanovic, Vladimir"]
[Result "1/2-1/2"]
[WhiteElo "2465"]
[BlackElo "2425"]
[PlyCount "70"]
[EventDate "1997.08.27"]
[Source "ChessBase"]
[SourceDate "1997.09.26"]

1. e4 e5 2. Nf3 Nc6 3. Bb5 a6 4. Ba4 Nf6 5. O-O Be7 6. Qe2 d6 7. c3 O-O 8. Rd1 Bd7 9. Bb3 Na5 10. Bc2 c5 11. d4 Qc7 12. d5 b5 13. Nbd2 c4 14. Nf1 Nb7 15. Ng3 Nc5 16. b4 cxb3 17. axb3 a5 18. Bd2 g6 19. Ra3 Ra6 20. Rc1 Rc8 21. h3 Qb7 22. Rca1 Bd8 23. R1a2 Rca8 24. Qe1 Bb6 25. Qa1 Ne8 26. b4 axb4 27. cxb4 Rxa3 28. Rxa3 Rxa3 29. Qxa3 Na4 30. Be3 Qc7 31. Bd1 Bxe3 32. Qxe3 Qc3 33. Qa7 Qc7 34. Qe3 Qc3 35. Qa7 Qc7 1/2-1/2

[Event "Moscow4"]
[Site "Moscow RUS"]
[Date "1990.??.??"]
[Round "?"]
[White "Olbrikh, H."]
[Black "Gavrilov, Alexei"]
[Result "0-1"]
[WhiteElo "2525"]
[BlackElo "2365"]
[PlyCount "70"]
[EventDate "1990.??.??"]
[Source "www.chesslib.no"]
[SourceDate "2004.05.04"]

1. e4 e5 2. Nf3 Nc6 3. Bb5 a6 4. Ba4 Nf6 5. Qe2 Be7 6. c3 b5 7. Bb3 d6 8. O-O O-O 9. d3 Be6 10. Bc2 h6 11. Nbd2 Nh7 12. d4 Bg4 13. d5 Na7 14. b3 c6 15. c4 bxc4 16. Qxc4 cxd5 17. Qxd5 Qc7 18. Qc4 Qb7 19. Bd3 Nc6 20. Bb1 Rfc8 21. Qe2 Bg5 22. Nc4 Nd4 23. Qd3 Bxf3 24. gxf3 Bxc1 25. Rxc1 Qd7 26. Bc2 Ng5 27. Bd1 Nh3+ 28. Kf1 Nf4 29. Qc3 Qh3+ 30. Ke1 Qxh2 31. Rc2 Nxc2+ 32. Qxc2 Qg1+ 33. Kd2 Qxf2+ 34. Kc1 Qd4 35. Kb1 Rxc4 0-1

[Event "Valjevo"]
[Site "Valjevo"]
[Date "2000.06.21"]
[Round "5"]
[White "Perunovic, Milos"]
[Black "Brenjo, Slavisa"]
[Result "1/2-1/2"]
[WhiteElo "2384"]
[BlackElo "2492"]
[PlyCount "38"]
[EventDate "2000.06.17"]
[Source "ChessBase"]
[SourceDate "2000.07.11"]

1. e4 e5 2. Nf3 Nc6 3. Bb5 a6 4. Ba4 Nf6 5. O-O Be7 6. Qe2 d6 7. Bxc6+ bxc6 8. d4 exd4 9. Nxd4 Bd7 10. Nc3 O-O 11. Bf4 Re8 12. Rfe1 Bf8 13. Bg5 h6 14. Bh4 Be7 15. Qd3 Ng4 16. Bxe7 Qxe7 17. f4 Qh4 18. Qg3 Qxg3 19. hxg3 Re7 1/2-1/2

[Event "JUG-chT"]
[Site "Budva"]
[Date "1996.??.??"]
[Round "1"]
[White "Miljanic, Boro"]
[Black "Lazic, Miroljub"]
[Result "0-1"]
[WhiteElo "2410"]
[BlackElo "2465"]
[PlyCount "82"]
[EventDate "1996.??.??"]
[Source "ChessBase"]

1. e4 e5 2. Nf3 Nc6 3. Bb5 a6 4. Ba4 Nf6 5. Qe2 b5 6. Bb3 Be7 7. c3 d6 8. O-O O-O 9. Rd1 Bg4 10. h3 Bh5 11. d3 Na5 12. Bc2 c5 13. Nbd2 Re8 14. Nf1 Bf8 15. Ng3 Bg6 16. Nh2 Nd7 17. a3 Nb6 18. Qg4 Qd7 19. Qf3 Be7 20. Ng4 Qe6 21. Nf5 Nb3 22. Rb1 Nxc1 23. Rbxc1 Bg5 24. Rb1 h5 25. Nh2 Rad8 26. h4 Bf6 27. Nf1 Bh7 28. g3 Bg6 29. N1e3 d5 30. Bb3 dxe4 31. Bxe6 exf3 32. Bb3 Rd7 33. Rd2 Red8 34. Rbd1 Nc4 35. Bxc4 bxc4 36. g4 hxg4 37. Ng3 Rxd3 38. Rxd3 Rxd3 39. Rxd3 cxd3 40. Nxg4 d2 41. Ne3 Bc2 0-1

[Event "Eupen Open act"]
[Site "Eupen BEL"]
[Date "1994.??.??"]
[Round "5"]
[White "Baumhus, Reinhard"]
[Black "Balashov, Yuri S"]
[Result "0-1"]
[WhiteElo "2360"]
[BlackElo "2510"]
[PlyCount "78"]
[EventDate "1994.??.??"]
[Source "www.chesslib.no"]
[SourceDate "2004.05.04"]

1. e4 e5 2. Nf3 Nc6 3. Bb5 a6 4. Ba4 Nf6 5. Qe2 d6 6. c3 Bd7 7. O-O Be7 8. d4 O-O 9. d5 Nb8 10. Bc2 c6 11. dxc6 bxc6 12. Rd1 Qc7 13. Nbd2 a5 14. Nc4 Na6 15. b3 Be6 16. h3 h6 17. Be3 Nd7 18. Bc1 Rfd8 19. Ne3 Nf6 20. Nf5 Bxf5 21. exf5 Nc5 22. c4 e4 23. Nd4 d5 24. cxd5 cxd5 25. Be3 Rac8 26. a3 Ncd7 27. Rdc1 Qe5 28. Qd2 Bd6 29. g3 Bc5 30. Bd1 h5 31. Rxc5 Nxc5 32. Qxa5 Nd3 33. Qd2 h4 34. g4 Ne8 35. a4 Nd6 36. Be2 Rd7 37. a5 Nb5 38. f4 exf3 39. Bxd3 Nxd4 0-1

[Event "RUS Team Ch"]
[Site "Podolsk RUS"]
[Date "1992.??.??"]
[Round "?"]
[White "Varavin, Viktor"]
[Black "Terterians, Vladimir"]
[Result "1-0"]
[WhiteElo "2465"]
[BlackElo "2395"]
[PlyCount "75"]
[EventDate "1992.??.??"]
[Source "www.chesslib.no"]
[SourceDate "2004.05.04"]

1. e4 e5 2. Nf3 Nc6 3. Bb5 a6 4. Ba4 Nf6 5. Qe2 b5 6. Bb3 Be7 7. c3 d6 8. O-O O-O 9. a4 Bb7 10. d4 Nd7 11. Rd1 Qb8 12. Nbd2 Bf6 13. Nf1 b4 14. Ng3 Na5 15. Bc2 bxc3 16. bxc3 c5 17. Nh5 Be7 18. dxe5 Nxe5 19. Nxe5 dxe5 20. Rb1 Qc8 21. Rb6 Rd8 22. Nxg7 Rxd1+ 23. Bxd1 Kxg7 24. Qh5 Bc6 25. Qxe5+ Kg8 26. Qxe7 Qd8 27. Qxd8+ Rxd8 28. Be2 Bxe4 29. Bh6 f5 30. Rxa6 Bd3 31. Bxd3 Rxd3 32. h3 Nb3 33. Ra7 Rd6 34. Be3 h5 35. a5 Rd1+ 36. Kh2 Nd2 37. Bxd2 Rxd2 38. Rc7 1-0

[Event "Dhaka"]
[Site "Dhaka"]
[Date "1997.??.??"]
[Round "5"]
[White "Tiviakov, Sergei"]
[Black "Hasan, Kayes"]
[Result "1/2-1/2"]
[WhiteElo "2600"]
[BlackElo "2255"]
[PlyCount "52"]
[EventDate "1997.??.??"]
[Source "www.chesslib.no"]
[SourceDate "2004.05.04"]

1. e4 e5 2. Nf3 Nc6 3. Bb5 a6 4. Ba4 Nf6 5. Qe2 Be7 6. c3 O-O 7. O-O b5 8. Bb3 d5 9. d3 d4 10. cxd4 Nxd4 11. Nxd4 Qxd4 12. Be3 Qd6 13. Nc3 Ng4 14. Bd2 Be6 15. Bxe6 Qxe6 16. Nd5 Bd6 17. Rac1 Nf6 18. Nxc7 Bxc7 19. Rxc7 Qxa2 20. Bg5 Qe6 21. Rfc1 Rfc8 22. Qc2 Rxc7 23. Qxc7 h6 24. Bh4 Nh5 25. h3 Nf4 26. Qc2 Qd7 1/2-1/2

[Event "Alushta2"]
[Site "Alushta"]
[Date "1999.09.29"]
[Round "12"]
[White "Belov, Vladimir"]
[Black "Kuzmin, Gennadi P"]
[Result "0-1"]
[WhiteElo "2334"]
[BlackElo "2518"]
[PlyCount "77"]
[EventDate "1999.09.18"]
[Source "www.chesslib.no"]
[SourceDate "2004.05.04"]

1. e4 e5 2. Nf3 Nc6 3. Bb5 a6 4. Ba4 d6 5. c3 Bd7 6. d4 Nf6 7. Qe2 Be7 8. O-O O-O 9. d5 Nb8 10. Bxd7 Nbxd7 11. c4 Ne8 12. Nc3 g6 13. Bh6 Ng7 14. Rae1 Kh8 15. b4 Nf6 16. Nd2 Ng8 17. Be3 f5 18. f3 Nh5 19. c5 Bg5 20. cxd6 cxd6 21. Nb3 Bxe3+ 22. Qxe3 Ngf6 23. Na5 Rf7 24. Na4 Rc8 25. Rc1 Rxc1 26. Qxc1 Nf4 27. Qe1 fxe4 28. fxe4 Qd7 29. Nc3 Qg4 30. Qg3 Rc7 31. Qxg4 Nxg4 32. h3 Ne3 33. Rc1 Nd3 34. Rb1 Rxc3 35. Nxb7 Rc2 36. Rf1 Rxg2+ 37. Kh1 Nf2+ 38. Rxf2 Rxf2 39. Nxd6 0-1

[Event "Oberliga Sued W 9394"]
[Site "GER"]
[Date "1994.??.??"]
[Round "?"]
[White "Martinovic, Slobodan"]
[Black "Becker, Marc"]
[Result "0-1"]
[WhiteElo "2465"]
[BlackElo "2380"]
[PlyCount "76"]
[EventDate "1993.10.??"]
[Source "www.chesslib.no"]
[SourceDate "2004.05.04"]

1. e4 e5 2. Nf3 Nc6 3. Bb5 a6 4. Ba4 Nf6 5. Qe2 b5 6. Bb3 Be7 7. c3 d6 8. O-O O-O 9. Rd1 Na5 10. Bc2 c5 11. d4 Qc7 12. d5 Bd7 13. Nbd2 Rfe8 14. Nf1 g6 15. Bg5 Nh5 16. Bxe7 Nf4 17. Qe1 Rxe7 18. Ne3 Ree8 19. g3 Nh3+ 20. Kg2 Qd8 21. a4 Qf6 22. axb5 axb5 23. Ra3 Nc4 24. Nxc4 bxc4 25. Qe3 Rab8 26. Ba4 Qe7 27. Rb1 Rf8 28. Bxd7 Qxd7 29. Nd2 f5 30. f3 f4 31. Qe1 fxg3 32. hxg3 Ng5 33. Qh1 Nxf3 34. Nxf3 Qg4 35. Nh2 Qxe4+ 36. Kh3 Rf5 37. g4 Qe3+ 38. Kh4 g5+ 0-1

[Event "JUG-chT2"]
[Site "Tivat"]
[Date "1995.??.??"]
[Round "9"]
[White "Poluljahov, Aleksandr"]
[Black "Orlov, Pavle"]
[Result "1-0"]
[WhiteElo "2450"]
[BlackElo "2390"]
[PlyCount "165"]
[EventDate "1995.??.??"]
[Source "www.chesslib.no"]
[SourceDate "2004.05.04"]

1. e4 e5 2. Nf3 Nc6 3. Bb5 a6 4. Ba4 Nf6 5. Qe2 Be7 6. c3 b5 7. Bb3 d6 8. O-O O-O 9. Rd1 Na5 10. Bc2 c5 11. d4 Qc7 12. d5 Bd7 13. b3 Rab8 14. Nbd2 Rfc8 15. Nf1 Bf8 16. Bg5 Ne8 17. h3 g6 18. N3h2 f6 19. Bd2 Nb7 20. h4 Nd8 21. Qf3 Nf7 22. h5 g5 23. Ng4 Bxg4 24. Qxg4 Ng7 25. a4 Be7 26. Ne3 Nh6 27. Qe2 Bd8 28. axb5 axb5 29. Bd3 Qd7 30. Ra6 Rb7 31. Rda1 Rcb8 32. g3 Bc7 33. Kg2 Kh8 34. Nc2 Bd8 35. Ra8 Ne8 36. Rxb8 Rxb8 37. f3 Rb7 38. Ra2 Kg7 39. Ne3 Kh8 40. Qf1 Kg8 41. Qh1 Nc7 42. Kf2 Rb8 43. Ra7 Qc8 44. Kg2 Qd7 45. Kf2 Qc8 46. Ke2 Qd7 47. Ra2 Rb7 48. Kf2 Kg7 49. Qh2 Rb8 50. Bf1 Ra8 51. Rxa8 Nxa8 52. Qh1 Nc7 53. Bh3 Qf7 54. Bc8 Kf8 55. Qh3 Ne8 56. Ba6 Nc7 57. Qc8 Ke7 58. g4 Nxa6 59. Qxa6 Ke8 60. Nc2 Qd7 61. Kg3 Nf7 62. Na3 Qc7 63. Nxb5 Qb6 64. Qxb6 Bxb6 65. Na3 Kd7 66. Nc4 Bc7 67. Kf2 Nh6 68. Ke2 Ng8 69. Kd3 Ne7 70. Ne3 Nc8 71. Kc4 Na7 72. Nf5 Kc8 73. Be3 Kb7 74. b4 cxb4 75. Kxb4 Nc8 76. Kb5 Bb8 77. Ng7 Ne7 78. c4 Kc8 79. c5 Kd8 80. Ne6+ Kc8 81. Kb6 dxc5 82. Bxc5 Kd7 83. Kb7 1-0

[Event "Groningen op"]
[Site "Groningen"]
[Date "1993.??.??"]
[Round "11"]
[White "Galdunts, Sergey"]
[Black "Van Gisbergen, Stan"]
[Result "1-0"]
[WhiteElo "2450"]
[BlackElo "2385"]
[PlyCount "89"]
[EventDate "1993.12.??"]
[Source "ChessBase"]

1. e4 e5 2. Nf3 Nc6 3. Bb5 a6 4. Ba4 Nf6 5. O-O Be7 6. Qe2 d6 7. c3 b5 8. Bc2 O-O 9. a4 b4 10. a5 Rb8 11. d4 exd4 12. cxd4 Bg4 13. Be3 b3 14. Bd3 Nb4 15. Nbd2 Qc8 16. Rfc1 d5 17. e5 Nxd3 18. Qxd3 Bf5 19. Qc3 Ne4 20. Qxc7 Nxd2 21. Nxd2 Qb7 22. Nxb3 Qxc7 23. Rxc7 Rxb3 24. Rxe7 Rxb2 25. Ra7 Bd3 26. Rd7 Bc4 27. g4 Rfb8 28. Kg2 R2b7 29. Rd6 Kf8 30. Bc1 Rb1 31. Rxb1 Rxb1 32. Bg5 Rb8 33. Rb6 Re8 34. h4 Kg8 35. Bd2 h6 36. Bb4 Re6 37. f4 Bb5 38. Bd6 Re8 39. f5 Be2 40. Kg3 Rc8 41. Bc5 Ra8 42. Kf4 Re8 43. g5 hxg5+ 44. hxg5 Bd3 45. e6 1-0